00519nam a22001697a 450000500170000001000150001702000260003203500140005803700130007208200060008510000160009124500900010726000450019727000800024230000210032270000060034320201116125623.0 aENG-126909 c399.00a9789388322430 aEN-110441 bDBAD/PUB aS aDivya, S.B. aContingency plans for the apocalypse :band other possible situations /cby S.B.Divya aGurugrambHachette Book Publishingc2019 a4th / 5th Floors, Corporate Centre, Plot No.94, Sector-44, Gurugrame122003 a250p.c19cm(pbk) a